00966nam a2200277 a 4500999001300000001000500013003000900018005001700027008004100044020001500085035002000100040002700120042001400147050002100161082001600182100002100198245007800219260005800297300004600355504006500401650003000466700002100496906004500517942001200562952011400574 c529d5291778BD-DhUAP20200123111843.0200123s1994 wiua b 001 0 eng d a0697064301 a(OCoLC)29813620 aOrPeBcOrPeBdBD-DhUAP alccopycat00aBF713b.I78 199400a155 IRW2231 aIrwin, Donald B.10aLifespan developmental psychology /cDonald B. Irwin and Janet A. Simons. aMadison, Wis. :bWm. C. Brown Communications,cc1994. axiv, 574 pages :billustrations ;c28 cm. aIncludes bibliographical references (p. 523-560) and index . 0aDevelopmental psychology.1 aSimons, Janet A. a7bcbcccopycatd3eopcnf19gy-gencatlg 2ddccBK 00102ddc4070aUAPCLbUAPCLcGeneral Stacksd2020-01-23o155 IRWp3010001778r2020-01-23t1w2020-01-23yBK